| 000 | 00855nam a2200253Ia 4500 | ||
|---|---|---|---|
| 003 | OSt | ||
| 005 | 20221005091102.0 | ||
| 006 | a|||||r|||| 00| 0 | ||
| 007 | ta | ||
| 008 | 221004b |||||||| |||| 00| 0 eng d | ||
| 020 |
_a9780195479683 (hbk) _c995 |
||
| 024 | _a18408 | ||
| 037 |
_bG-5154/14-15, 18/03/2015, Manohar Publisher & Distributors _cTextual |
||
| 040 |
_aCRL _cCRL _beng |
||
| 041 |
_2eng _aeng |
||
| 082 | _aZ(Q7),12, Q1 | ||
| 100 |
_aSerajuddin Alamgir Muhammad _9615828 |
||
| 245 | 0 | _aMuslim family law secular courts and muslim women of south asia | |
| 260 |
_aNew York _bOxford University Press U.S.A _c2011 |
||
| 300 |
_axvi, 310p. _ccm. |
||
| 650 | _aLAW | ||
| 942 |
_hZ(Q7),12, Q1 _cTEXL _2cc |
||
| 999 |
_c996769 _d996769 |
||